[Event "Olympiad-37"]
[Site "Turin"]
[Date "2006.05.31"]
[Round "10"]
[White "Fressinet, Laurent"]
[Black "Nakamura, Hikaru"]
[Result "1/2-1/2"]
[WhiteElo "2633"]
[BlackElo "2664"]
[Annotator "Mueller,Karsten"]
[PlyCount "164"]
[EventDate "2006.05.21"]
[EventType "team-swiss"]
[EventRounds "13"]
[EventCountry "ITA"]
[SourceTitle "CBM 113"]
[Source "ChessBase"]
[SourceDate "2006.07.31"]
[SourceVersion "1"]
[SourceVersionDate "2006.07.31"]
[SourceQuality "1"]
[WhiteTeam "France"]
[BlackTeam "US of America"]
[WhiteTeamCountry "FRA"]
[BlackTeamCountry "USA"]

1. e4 c5 2. Nf3 d6 3. Bb5+ Nc6 4. O-O Bd7 5. Re1 Nf6 6. c3 a6 7. Ba4 c4 8. Na3
b5 9. Bc2 e5 10. b3 Na5 11. d4 cxd3 12. Bxd3 Be7 13. c4 b4 14. Nc2 Nc6 15. a3
a5 16. axb4 axb4 17. Bd2 Rb8 18. Ne3 Be6 19. Ra6 Na5 20. Nd5 Bxd5 21. cxd5 Nd7
22. Be3 O-O 23. Qc2 Nb7 24. Rc6 Na5 25. Ra6 Nb7 26. Rc6 Ra8 27. Rc4 Nbc5 28.
Rxb4 Ra3 29. Rb1 Qa8 30. Bf1 Ra2 31. Qd1 f5 32. exf5 Rxf5 33. Bb5 Nf6 34. Bc6
Qf8 35. Ra1 Rxa1 36. Qxa1 e4 37. Nd4 Re5 38. Qa8 Qxa8 39. Bxa8 Nxd5 40. Rb8+
Bf8 41. Nc6 Rh5 42. g4 Rh4 43. Bxc5 dxc5 44. Ne5 Nc7 45. Bxe4 g5 46. Bf5 Kg7
47. Nf3 Rh6 48. Nxg5 Bd6 49. Rb7 Kg8 50. h3 Bf4 51. Ne4 Rxh3 52. Nxc5 Rc3 53.
Ne4 Rc1+ 54. Kg2 h6 55. b4 Kf8 56. Nc5 Bd6 57. Rb6 Bxc5 58. bxc5 h5 59. Rc6 Nd5
60. Rc8+ Kf7 61. gxh5 Nf4+ 62. Kf3 Nxh5 63. c6 Nf6 64. Rc7+ Ke8 65. Rc8+ Ke7
66. Be4 Rc4 67. Bf5 Nd5 68. Bd7 Nf6 69. Ke3 Rc3+ 70. Kd2 Rc5 71. Rc7 Kd6 72.
Ra7 Re5 73. f3 Rh5 74. Ke3 Re5+ 75. Kf2 Re7 76. Ra3 Nxd7 77. cxd7 Kxd7 78. Ra7+
Ke8 79. Rxe7+ Kxe7 80. Kg3 {[%tqu "En","How does Black save the game?","","",
"e7f7","",2,"De","Wie rettete sich Schwarz?","","","e7f7","",2]} Kf7 $1 {
[%csl Ge5,Gf5,Gg5] This defends the key squares e5, f5 and g5. Dies verteidigt
die Schlüsselfelder e5, f5 und g5.} (80... Kf6 $2 81. Kf4 Ke6 82. Kg5 Kf7 83.
Kf5 Kg7 84. Ke6 Kf8 85. f4 Ke8 86. f5 Kf8 87. Kf6 Kg8 88. Ke7 $18 {[%cal Gf5f8]
}) (80... Ke6 $2 81. Kg4 Kf6 82. Kf4 $18) 81. Kg4 Kg6 82. Kf4 Kf6 1/2-1/2

[Event "American Continental 3rd"]
[Site "Buenos Aires"]
[Date "2005.08.12"]
[Round "7"]
[White "Bronstein, Luis Marcos"]
[Black "Garcia, Gildardo"]
[Result "1/2-1/2"]
[WhiteElo "2342"]
[BlackElo "2453"]
[Annotator "Mueller,Karsten"]
[PlyCount "119"]
[EventDate "2005.08.06"]
[EventType "swiss"]
[EventRounds "11"]
[EventCountry "ARG"]
[SourceTitle "CBM 109"]
[Source "ChessBase"]
[SourceDate "2005.11.14"]
[SourceVersion "1"]
[SourceVersionDate "2005.11.14"]
[SourceQuality "1"]

1. e4 c5 2. Nf3 Nc6 3. Bb5 d6 4. O-O Bd7 5. c3 a6 6. Ba4 Nf6 7. d4 Nxe4 8. Re1
Nf6 9. d5 Ne5 10. Nxe5 dxe5 11. Rxe5 Bxa4 12. Qxa4+ b5 13. Qd1 e6 14. Bg5 Bd6
15. Re1 O-O 16. dxe6 fxe6 17. Nd2 Qc7 18. g3 Nd5 19. Rxe6 Qd7 20. Re2 Qf5 21.
Ne4 Bc7 22. c4 Nb6 23. b3 Rae8 24. Qc2 Rxe4 25. Qxe4 Qxg5 26. Rd1 Qf6 27. Qb7
Qf3 28. Qxf3 Rxf3 29. Re7 Rf7 30. Re8+ Rf8 31. Re7 Rc8 32. Re6 bxc4 33. bxc4
Kf7 34. Rc6 Ke7 35. Rxc5 Bd6 36. Rxc8 Nxc8 37. Rb1 Kd7 38. f4 Nb6 39. Rc1 Kc6
40. Kf2 Ba3 41. Rc2 Kc5 42. Ke3 Na4 43. g4 Bb2 44. g5 Bc3 45. f5 Kxc4 46. f6
gxf6 47. gxf6 Nc5 48. f7 Ne6 49. h4 a5 50. Ke4 a4 51. Kf5 Nd4+ 52. Kg4 Ne6 53.
h5 a3 54. Kf5 Nf8 55. h6 Kd3 56. Rxc3+ $2 {Presumably a miscalculation by Luis
Marcos Bronstein. Vermutlich ein Rechenfehler von Luis Marcos Bronstein. Mit} (
{After} 56. Rg2 {he had the win in his pocket, e.g. hatte er den Gewinn in der
Hand, z.B.} Bb4 57. Kf6 Bc5 58. Rg8 Bd4+ 59. Ke7 Bc5+ 60. Ke8 Ne6 61. Rg7 Ke4
62. Rxh7 Kf5 63. Rg7 Bf8 64. Rg3 Bxh6 65. Rxa3 $18) 56... Kxc3 57. Kf6 Kb2 58.
Kg7 Nd7 59. Kxh7 Kxa2 60. Kg8 (60. Kg8 Kb1 61. h7 Nf6+ (61... a2 $2 {would
even backfire. ginge sogar nach hinten los:} 62. h8=Q a1=Q 63. Qh1+ Kb2 64.
Qb7+ $18) 62. Kg7 Nxh7 63. Kxh7 a2 64. f8=Q a1=Q $11) 1/2-1/2

[Event "Corus-B"]
[Site "Wijk aan Zee"]
[Date "2010.01.26"]
[Round "9"]
[White "Muzychuk, Anna"]
[Black "Giri, Anish"]
[Result "1-0"]
[WhiteElo "2523"]
[BlackElo "2588"]
[Annotator "Muzychuk,A"]
[PlyCount "109"]
[EventDate "2010.01.16"]
[EventType "tourn"]
[EventRounds "13"]
[EventCountry "NED"]
[EventCategory "16"]
[SourceTitle "CBM 135"]
[Source "ChessBase"]
[SourceDate "2010.03.17"]
[SourceVersion "1"]
[SourceVersionDate "2010.03.17"]
[SourceQuality "1"]

{This game was played in the 9th round. At that very moment my opponent was
leading, 1.5 points ahead of his closest rivals. So, our game was not decisive,
but as a rule the games between young players are often interesting and not at
all humdrum.} 1. e4 c5 {I have to admit that already the 1st move was a little
surprise for me. In all other 4 games at this tournament after 1.e4 Anish
replied with 1.. .e5. The Petroff Defence had lately became the main weapon of
Giri and most of all I also expected the reply of 1...e5 in my game. The
choice of the Sicilian meant that Black did not intend to play just for
equality.} 2. Nf3 d6 3. Bb5+ Nd7 4. d4 cxd4 5. Qxd4 a6 6. Bxd7+ Bxd7 7. c4 Bg4
$146 {According to my database this move is a novelty. Black wants to take the
knight on f3 and make weaknesses in the pawn structure} ({A similar idea with .
..Bg4 was seen in the game Girinath,P-Zhang Zhong/Kuala Lumpur 2007. In that
game Black continued with} 7... Rc8 8. O-O Bg4 9. Nbd2 (9. Nc3 {here or 9.Nfd2
is also possible}) 9... Nf6 10. h3 Bd7 11. Re1 g6 12. e5 dxe5 13. Nxe5 Bg7 14.
Ndf3 O-O 15. Qh4 Bc6 16. Nd4 Qb6 17. Ndxc6 bxc6 18. Re2 Rfd8 19. Be3 Qb7 20.
Bc5 $14 {0-1 Girinath,P-Zhang Zhong/Kuala Lumpur 2007/CBM 120 ext (56)}) (7...
b5 $5 {was played against me by Vugar Gashimov in a rapid game, just a month
before my game with Anish.} 8. Nc3 bxc4 9. Qxc4 e6 10. O-O Ne7 11. Be3 Ng6 12.
b4 $6 (12. Bd4 $14) 12... Be7 13. a4 O-O 14. b5 Bf6 15. Bd4 Nf4 16. b6 $4 Rc8
17. Qb4 Rxc3 $19 18. e5 Rxf3 19. exf6 Ne2+ 20. Kh1 Rf4 21. Rfd1 e5 22. Qxd6
Rxd4 23. Qxe5 Re8 {0-1 Muzychuk,A-Gashimov,V/Warsaw POL 2009/The Week in Chess
789}) (7... e5 $5 8. Qd3 b5 9. Na3 Qb6 10. O-O h6 11. b3 Nf6 12. Re1 Be7 13.
Nd2 O-O 14. Nf1 Bc6 15. Ng3 Bd7 16. Be3 Qb7 17. Nc2 bxc4 18. bxc4 Rfc8 {
1-0 Tiviakov, S-Babula,V/Dresden 2007/CBM 118 (41). Later on White won the
game, but the current position is quite ok for Black.}) ({The simple} 7... Nf6
{may be also a good option} 8. Bg5 (8. Nc3 g6 9. O-O Bg7 10. Bd2 O-O 11. b3 Rc8
12. Rac1 Kh8 13. Rfe1 Bc6 14. Qd3 Nd7 $11 {1/2-1/2 Mednis,E-Giorgadze,T/Lugano
1985/EXT 2000 (41)}) 8... Bc6 9. Nc3 e6 10. O-O Be7 11. Rfe1 O-O 12. Rad1 Qa5
13. Qd2 Qb6 $2 (13... Qc5 $11) 14. Nd5 $1 $14 {1/2-1/2 Girinath,P-Sitanggang,S/
Singapore SIN 2007/The Week in Chess 685 (49)}) 8. Nc3 e6 9. Be3 Nf6 ({Quite
an unusual position could happen after} 9... Bxf3 10. gxf3 Nf6 {White has an
advantage in development, but Black has the better pawn structure. As it is
just the opening, this position needs to be analysed more deeply.}) (9... Ne7 {
with the idea of ...Nc6 and then ...Be7 was also an interesting try.}) 10. Nd2
$1 ({The sharp move} 10. e5 {did not give anything and after} dxe5 11. Nxe5
Qxd4 12. Bxd4 Bf5 {Black has a good position with the advantage of 2 bishops.})
10... Be7 11. h3 e5 ({Now Black faces some problems with the bishop on g4. If
he played} 11... Bh5 {then I was going to continue with} 12. f4 (12. g4 {
was over-optimistic as after} Bg6 13. f4 e5 14. fxe5 dxe5 15. Qxe5 O-O {
Black has more than good compensation for the sacrificed pawn.}) 12... e5 13.
fxe5 dxe5 14. Qxe5 O-O 15. O-O Bd6 (15... Bg6 16. Nd5 Nxd5 17. exd5 Bf6 18.
Rxf6 Qxf6 19. Qxf6 gxf6 20. c5 {with an obvious advantage for White.}) 16. Qd4
Re8 17. Nd5 Nd7 18. Rae1 {and in my opinion, here the compensation for the
pawn is insufficient.}) 12. Qb6 ({In this position I spent quite lot of time
while choosing between 12.Qb6 and 12.Qd3. To keep the queens on the board was
more in my style of playing but I could not estimate the position after} 12.
Qd3 Be6 13. O-O O-O 14. f4 exf4 15. Bxf4 Nd7 {Now I think that} 16. Nd5 {
has to give a slight advantage for White, but in the game I preferred another
move.}) 12... Qxb6 13. Bxb6 Be6 $6 (13... Bd7 {was a better move with the
following ...Bd8 as the position should be about equal. The main idea is that
now after 14.Nd5 Nxd5 15.cxd5 Black does not have to make one more move with a
bishop as in the case with 13...Be6?!}) 14. Nd5 Bxd5 $6 ({Still I would prefer
} 14... Bd8 15. Bxd8 Kxd8) ({or} 14... Rc8) 15. cxd5 Bd8 16. Bxd8 Kxd8 17. Rc1
{Now it is clear, that White has an advantage in the endgame, but it is quite
difficult to transform it into a full point.} b5 $2 ({The move ...b7-b5 seems
to be a mistake. Black weakens the important c6-square and gives one more move
for White to improve the position. Anish wanted to prevent me from playing Nc4
at some moment, but the simple} 17... Rc8 {was stronger:} 18. Ke2 Ke7 19. Ke3
Nd7 20. Nb3 b6 {not allowing Na5 and it should not be difficult for Black to
hold the position. Even though after} 21. Nd2 {there are still some problems.})
18. Ke2 Kd7 19. Rc6 Rhc8 20. Rhc1 Rxc6 $2 ({It may be difficult to state, but
as Anish and I realised after the game, the position after 20...Rxc6 is almost
lost for Black. The correct move was} 20... Ng8 $1 {with the following lines:}
21. a4 Ne7 22. Rxc8 Rxc8 (22... Nxc8 23. axb5 axb5 24. Rc3 {and there are
still problems with the b5-pawn.}) 23. Rxc8 Kxc8 24. axb5 axb5 25. Kd3 Kc7 26.
Kc3 Ng6 27. Kb4 Kb6 $1 (27... Nf4 $2 28. Kxb5 Nxg2 29. b4 Nf4 30. Ka6 {the
b-pawn is very dangerous.}) 28. g3 Nf8 29. Nb1 Nd7 30. Nc3 Nc5 31. Nxb5 Nd3+ (
31... Nxe4 32. f3 Nxg3 33. Nxd6 {threatening to take the pawn on f7, or in the
event of 33...f6 34.Nc4, followed by Kc5 White has chances to win the game as
the b- and d-pawns will cause many problems.}) 32. Kc3 Nxf2 33. Nxd6 Kc5 34.
Nxf7 Nxe4+ {and the game should end in a draw.}) 21. Rxc6 Ng8 22. a4 $1 Ne7 23.
Rb6 {This is the difference! Without the exchange of rooks this move was
impossible due to the hanging rook on c1.} Kc7 24. a5 Ra7 25. Nf3 {The idea is
26.Nxe5 dxe5 27.d6+ or, if Black replies with 25...Kd7, then 26.Ng5, that is
why} f6 26. Ne1 {now the knight changes direction, coming closer to the
b4-square.} Nc8 27. Rc6+ Kd7 28. Nd3 Ne7 29. Rc3 {The rook was forced to leave
the 6th rank, but the black pieces are remaining passive. 29...Rc7 is bad in
view of 30.Nb4, so the black rook cannot move, the king and knight must
control the c-line. The next plan of White is to create new weaknesses in the
position of Black, but on the other side.} f5 30. f3 f4 31. Kf2 Ra8 32. h4 g6
33. g3 fxg3+ 34. Kxg3 {Now lines on the king's side are going to be opened. My
next idea is to play f4 at the right moment and then transform the pieces to
the king's side, while Black will not have enough time for consolidation.} g5 {
It is not easy to say, whether this move is good or a mistake. To be objective
White is easily winning after 34...g5, but from the practical point of view
Black tries to make the game being more unclear.} 35. hxg5 Rg8 36. Kh4 h6 37.
gxh6 Rg1 (37... Rg2 {would be met by} 38. f4 exf4 39. Nxf4 {and now there is
the possibility to play Rh3 after ...Rh2.}) 38. Rc1 ({Compared with 37...Rg2,
now} 38. f4 {is not that effective as after} Ng6+ {the move Kh3 does not
threaten to take the rook. But still after} 39. Kh5 exf4 40. Nf2 {the position
is winning.}) 38... Rg6 39. f4 ({During the game I spent about 20 minutes on
calculating} 39. Kh5 {which was the most logical move and the easiest way to
win the game:} Rg3 (39... Rg2 40. Rh1 Ng6 41. h7 Nh8 (41... Ke7 42. Rc1 $18)
42. Rc1 Rg7 43. Rc6 $18) 40. Nb4 (40. Nf2 {is winning very easily, but for
some reason this move did not come to my mind.}) 40... Ng6 41. Nxa6 Nf4+ 42.
Kh4 Rg2 43. Rc7+ Ke8 44. Rg7 Ng6+ 45. Rxg6 Rxg6 46. Kh5 Rg2 47. Nc7+ Kd7 48.
Ne6 {and White is winning, but in the game I decided that 39.f4 is safer.
Unfortunately, the general rule, that after a long time of thinking the best
move is rarely made, was true in my case.}) (39. Nb4 {is not so clear because
of} Rxh6+ 40. Kg3 Rh8 {and after} 41. Nxa6 {Black takes the pawn back.} Ra8)
39... Rxh6+ 40. Kg3 exf4+ 41. Nxf4 Ng6 42. Ne6 (42. Rc6 {could give good
chances for Black:} Nxf4 43. Kxf4 Rh2 44. Rxa6 Rf2+ 45. Ke3 Rxb2 {and as is
well known, there is a tendency in rook endings with pawns that there are lots
of positions which can be saved.}) (42. Nd3 {was also an interesting idea as
after} Ne5 43. Nxe5+ dxe5 44. Rc6 Rh1 (44... Rxc6 45. dxc6+ Kxc6 46. b4 {
White is winning}) 45. Rxa6 Rb1 46. Kg4 Rf1 47. Rb6 {in this rook ending I
will have 2 pawns more. But the problem is that Black can play 42...Rh4!})
42... Ke7 43. Nd4 Kf6 44. Nf5 (44. Rc6 {was one more move, but the following
line should have been calculated until the very end:} Ke5 45. Nf3+ Kxe4 46.
Rxd6 Ne7 {(this tricky move I saw in the game and stopped looking at this line)
} 47. Ng5+ Ke3 48. Rxh6 Nf5+ 49. Kh3 Nxh6 50. d6 {and nothing can prevent the
d-pawn from becoming a queen.}) 44... Rh5 45. Rc8 Rg5+ 46. Kf3 (46. Kf2 Ke5 47.
Re8+ Kf4 48. Nxd6 Rh5 49. Re6 {is also winning, but I did not want to give
Black this initiative with an active king.}) 46... Rg1 47. Nxd6 Rb1 (47... Ke5
48. Nf5 {and Re8.}) (47... Ne5+ 48. Ke3 $18) 48. Re8 Rxb2 49. Re6+ Kg5 (49...
Kg7 50. Ne8+ Kf7 51. Rf6+ $18) 50. Nf7+ Kh5 51. Ke3 Rb3+ 52. Kd4 Rb4+ 53. Kc5
Rc4+ 54. Kb6 b4 (54... Rd4 55. Kxa6 b4 56. Kb7 b3 57. Rb6 Rxe4 58. d6 (58. Rxb3
$2 Re7+)) 55. Rxg6 {Black resigned in view of 55...Kxg6 56.Ne5+.} 1-0

[Event "EU-ch 13th"]
[Site "Plovdiv"]
[Date "2012.03.20"]
[Round "1"]
[White "Kabanov, Nikolai"]
[Black "Caruana, Fabiano"]
[Result "0-1"]
[WhiteElo "2502"]
[BlackElo "2767"]
[Annotator "Postny,E"]
[PlyCount "82"]
[EventDate "2012.03.20"]
[EventType "swiss"]
[EventRounds "11"]
[EventCountry "BUL"]
[SourceTitle "CBM 148"]
[Source "ChessBase"]
[SourceDate "2012.05.16"]
[SourceVersion "1"]
[SourceVersionDate "2012.05.16"]
[SourceQuality "1"]

1. e4 c5 2. Nf3 d6 3. Bb5+ {Avoiding the sharp Sicilian lines.} Nc6 4. Bxc6+
bxc6 5. O-O Bg4 6. h3 Bh5 7. e5 e6 {Caruana chooses a more solid continuation.}
(7... dxe5 8. g4 e4 9. gxh5 exf3 {is extremely messy. For instance:} 10. Nc3
Nf6 11. Qxf3 Nd5 12. d3 e6 13. Bd2 Be7 14. Kh1 O-O 15. Rg1 f5 16. Rae1 Qd7 17.
Qe2 Kf7 18. Rg2 $14 {1/2-1/2 Rublevsky,S (2683)-Teterev,V (2511)/
Khanty-Mansiysk 2010/CBM 139 (53)}) 8. d3 (8. exd6 Bxd6 9. d3 Ne7 (9... Nf6 10.
Nbd2 O-O 11. Qe2 Nd5 12. Ne4 Bc7 13. c4 Nb4 14. Rd1 Bxf3 15. gxf3 Na6 16. f4
Qe7 $15 {1/2-1/2 Rublevsky,S (2688)-Bu Xiangzhi (2676)/Ningbo 2010/CBM 137
Extra (39)}) 10. Nbd2 O-O 11. Ne4 Nd5 12. Re1 Re8 13. Ng3 Bg6 14. Ne4 Bc7 $6 (
14... Bh5 $11) 15. Nxc5 e5 16. a3 $14 {1-0 Shirov,A (2697)-Gelfand,B (2710)/
Dortmund 2002/CBM 090 (51)}) 8... d5 9. Nc3 $6 {It's preferable to develop the
knight on d2. Later on the knight can be transferred to the kingside. Also the
advance c2-c4, making the position more static, might be good for White,
therefore it's not a good idea for him to block his own c-pawn.} (9. Re1 Ne7
10. Nbd2 Nc8 11. Nf1 Be7 12. Ng3 Bg6 13. Ne2 ({Worth consideration was:} 13. c4
Nb6 14. b3 {trying to make the position more static.}) 13... Nb6 14. Nf4 O-O
15. b3 d4 16. Nd2 Nd5 17. Nxg6 fxg6 18. Ne4 Rf5 19. Qg4 Rxe5 20. Bd2 Qd7 21.
Re2 Rf5 $11 {1/2-1/2 Meier,G (2570)-Motylev,A (2644)/Moscow 2008/CBM 123 (83)})
9... Ne7 10. Re1 ({Also after} 10. b3 Nc8 11. Ba3 Nb6 {Black experiences no
problems.}) 10... Nc8 {The knight goes to b6, this will prevent White's idea
of Nc3-a4 pressing against the Pc5.} 11. Qe2 Nb6 12. b3 Be7 13. Bb2 (13. Nd1
O-O 14. c4 a5 15. Bf4 a4 16. Ne3 Qc7) 13... O-O 14. Nb1 {White admits that the
development of the knight to c3 was actually wrong.} a5 15. a4 c4 $1 {All in
accordancewith the rule that the side which has the bishop pair should open
the position.} 16. dxc4 dxc4 17. Rd1 (17. bxc4 Bxf3 18. Qxf3 (18. gxf3 $2 Bb4
19. Rd1 Qg5+ 20. Kh1 Qf5 21. Kg2 Rad8 $17) 18... Nxc4 19. Bc3 Qd5 $15) (17. g4
$1 Bg6 18. bxc4 Qc7 19. Nc3 {It's not really about the extra doubled pawn, but
rather more important to control the d5-square. The position is dynamically
balanced.}) 17... Qb8 $1 18. Nbd2 cxb3 19. cxb3 Nd5 $15 {[%csl Gd5]} 20. Rac1
Qb6 21. Bd4 (21. g4 Bg6 22. Nd4 c5 23. Nb5 Qc6 24. Qf3 f5 $1 $17) 21... c5 22.
Be3 Rfd8 23. Rc4 Rd7 $6 (23... h6 $1 {Useful prophylaxis.} 24. Rdc1 Bg6 25.
Bxc5 (25. Nh4 Bxh4 26. Rxh4 Nxe3 27. Qxe3 Rd3 28. Qe2 Rad8 29. Nc4 Qb4 $17)
25... Bxc5 26. Rxc5 Nf4 27. Qe3 (27. Qf1 Bd3 $19) 27... Nd3 $17) 24. Rdc1 Rad8
25. Bxc5 Bxc5 26. Rxc5 Nf4 {Probably Caruana was counting on this knight move,
but it's not so dangerous for White.} 27. Qf1 Bxf3 (27... Nd3 28. Rb5 Qa7 29.
Rc3 Bxf3 30. Nxf3 Nxf2 31. Kh2 {keeping the balance.}) 28. Nxf3 Qxb3 29. R5c3
$2 {Probably Kabanov was concerned about the threat 29...Nxh3+, but in fact
it's not so dangerous. White should have activated his dreaming queen.} (29.
Qc4 Nxh3+ 30. Kf1 $1 Qa3 (30... Rd1+ $6 31. Ne1 R1d2 32. Rc2 Rxc2 33. Nxc2 Qb7
34. Rb5 Qa8 35. Ne3 Ng5 36. Qc7 $14) 31. Rc3 Qa1+ 32. Rc1 Qa3 {Black has no
more than a repetition.}) 29... Qb2 $6 ({It was possible to grab the pawn
immediately:} 29... Qxa4 $1 $17) 30. R3c2 $6 {Probably White was hoping to
repeat moves, but Black can still change his mind.} (30. R1c2 Qb7 31. Qb5 {
was still equalising.}) 30... Qb3 31. Rc3 Qxa4 $1 {The only thing Black needs
to calculate is that he doesn't lose the knight.} 32. Rc4 Qb3 33. Rxf4 (33.
R4c3 Qb7 $19) 33... Rd1 34. Rxd1 Rxd1 35. Ne1 Qb1 {Black gets the knight back.}
36. Qa6 Rxe1+ 37. Kh2 h5 ({It was more precise to start with a check, forcing
White's king to go forward:} 37... Rh1+ $1 38. Kg3 h5 {If White exchanges
queens:} 39. Qa8+ Kh7 40. Qe4+ Qxe4 41. Rxe4 {then the rook ending is lost.})
38. Qxa5 $2 {This loses by force.} (38. Qa8+ Kh7 39. g3 {[%csl Yh1][%cal Ya8h1]
} Rxe5 40. Rxf7 Rf5 41. Rxf5 Qxf5 42. Kg1 {In this ending White has decent
chances for a draw.}) 38... Rh1+ 39. Kg3 Qg6+ 40. Kh4 Qxg2 {White's king is
doomed.} 41. Qd8+ Kh7 0-1